Lectures on the comparative grammar of the semitic languages : with a general survey of the semitic languages and their diffusion and of the semitic alphabet, origin and writing

Αποθηκεύτηκε σε:
Λεπτομέρειες βιβλιογραφικής εγγραφής
Κύριος συγγραφέας: Wright, William
Άλλοι συγγραφείς: Smith, W. Robertson (William Robertson) 1846-1894, Bennett, Patrick (Συγγραφέας εισαγωγής κ.λπ.)
Μορφή: Βιβλίο
Γλώσσα:English
Δημοσίευση: New Jersey : Gorgias Press, 2002
Θέματα:
Ετικέτες: Προσθήκη ετικέτας
Δεν υπάρχουν, Καταχωρήστε ετικέτα πρώτοι!

MARC

LEADER 00000nam a2200000 i 4500
001 1/63021
008 041018s2002 eng d
020 |a 1-931956-12-X 
035 |l 10074759 
040 |a GR-MY-UA  |b gre  |e aacr 
041 0 |a eng 
082 0 |a 492 
100 1 |a Wright, William. 
245 1 0 |a Lectures on the comparative grammar of the semitic languages :  |b with a general survey of the semitic languages and their diffusion and of the semitic alphabet, origin and writing /  |c edited with a preface and additional notes by William Robertson Smith ; with a new introduction by Patrick Bennett 
260 |a New Jersey :   |b Gorgias Press,   |c 2002 
300 |a 288 p. 
504 |a Bibliographical footnotes 
650 0 0 |a Semitic languages  |x Grammar, Comparative. 
700 1 |a Smith, W. Robertson  |q (William Robertson)  |d 1846-1894. 
700 1 |a Bennett, Patrick.  |4 aui 
852 |a INST  |b RHODES  |e 20041018  |h 492 WRI  |p 005400018424  |q 005400018424  |t BK  |y 0 
901 |a BIBL4-2004-3 
909 |a Ρ  |b 109953 
920 |a ΔΙΕΥΡΥΝΣΗ  |b ΕΠΕΑΕΚ ΙΙ-ΤΜΣ  |y ΡΟΔΟΣ  |z 2004-10 
970 |a ΚΟΥΛΑΚΙΟΤΗ  |b ΛΙΤΣΑ  |z 2004/10/18